00393nam a22001457a 4500003000500000020000800005038001100013082001600024100001600040245004900056260003300105300001300138880003200151880006400183NUST qH/B awaseem a297.31bSAB aSabir, Ayub aAllama Iqbal K Taswar-e-Jatiad /cAyub Sabir aIslamabad :bA.I.O.U,c2008. a281 p. ; 6100-01\raایوب صابر 6245-02\raعلامہ اقبال کا تصوراجتہاد /